| 000 | 01184cam a2200337 i 4500 | ||
|---|---|---|---|
| 001 | 18572733 | ||
| 003 | EG-ScBUE | ||
| 005 | 20240930121719.0 | ||
| 008 | 150413t2015 njua f b f001 0 eng d | ||
| 020 | _a9780691150390 (hardcover : alk. paper) | ||
| 040 |
_aDLC _beng _erda _cDLC _dDLC _dEG-SScBUE |
||
| 082 | 0 | 4 |
_a510 _222 _bPRI |
| 245 | 0 | 4 |
_aThe Princeton companion to applied mathematics / _ceditor Nicholas J. Higham, The University of Manchester [anf five others] |
| 246 | 3 | 0 | _aCompanion to applied mathematics |
| 246 | 3 | 0 | _aApplied mathematics |
| 264 | 1 |
_aPrinceton ; _aOxford : _bPrinceton University Press, _c[2015] |
|
| 264 | 4 | _cc2015 | |
| 300 |
_axvii, 994 pages : _billustrations (some color) ; _c27 cm |
||
| 336 |
_2rdacontent _atext _btxt |
||
| 337 |
_aunmediated _2rdamedia _bn |
||
| 338 |
_avolume _bnc _2rdacarrier |
||
| 504 | _aIncludes bibliographical references and index. | ||
| 650 | 7 |
_aAlgebra. _2BUEsh _94334 |
|
| 650 | 7 |
_aMathematics. _2BUEsh _92018 |
|
| 650 | 7 |
_aMathematical models. _2BUEsh _933855 |
|
| 651 | _2BUEsh | ||
| 653 |
_bENGGEN _cJanuary2016 |
||
| 655 | _vReading book | ||
| 700 | 1 |
_aHigham, Nicholas J., _d1961- _eeditor. |
|
| 942 |
_2ddc _cBB |
||
| 999 |
_c21120 _d21092 |
||